Normal view
MARC view
- التجارة الدولية-التجارة الإلكترونية-التوقيع الإلكتروني
Entry Topical Term
001 - CONTROL NUMBER
- control field: 63327
003 - CONTROL NUMBER IDENTIFIER
- control field: JO-AjAnu
005 - DATE AND TIME OF LATEST TRANSACTION
- control field: 20230606084334.0
008 - FIXED-LENGTH DATA ELEMENTS
- fixed length control field: 230606|| aca||aabn | a|a d
040 ## - CATALOGING SOURCE
- Original cataloging agency: JO-AjAnu
- Transcribing agency: JO-AjAnu
150 ## - HEADING--TOPICAL TERM
- Topical term or geographic name entry element: التجارة الدولية-التجارة الإلكترونية-التوقيع الإلكتروني
670 ## - SOURCE DATA FOUND
- Source citation: Work cat.: (JO-AjAnu)32286: التجارة الإلكترونية والاعمال الإلكترونية من منظور تقني وتجاري واداري= Electronic Commerce &Electronic Business from Technical,Business & Managerial Perspective